| 000 | 00486nam a22001817a 4500 | ||
|---|---|---|---|
| 003 | NUST - PNEC | ||
| 005 | 20170116181044.0 | ||
| 008 | 150923b xxu||||| |||| 00| 0 eng d | ||
| 020 | _a0072458933 / 0071151508 | ||
| 040 | _cLIBRARY | ||
| 082 | _a621.4022 CEN | ||
| 100 |
_911642 _aYunus A. Çengel |
||
| 245 |
_aHeat and mass transfer a practical approach _cÇengel, Yunus A |
||
| 250 | _a2nd | ||
| 260 | _cc 2003 | ||
| 650 |
_911643 _aHeat -- Transmission _xME |
||
| 942 |
_2ddc _cBK |
||
| 999 |
_c68161 _d68161 |
||